Digital media in the classroom : (رقم التسجيلة. 15287)

تفاصيل مارك
000 -الفاتح
حقل البيانات ثابتة الطول 01419cam a22003374a 4500
001 - رقم الضبط
رقم الضبط 13658807
003 - محدد رقم الضبط
رقم الضبط OSt
005 - وقت وتاريخ اخر تعامل مع التسجيلة
رقم الضبط 20150408113925.0
008 - عناصر البيانات ثابتة الطول - معلومات عامة
حقل البيانات ثابتة الطول 040719s2004 caua 001 0 eng
010 ## - رقم ضبط مكتبة الكونجرس
رقم ضبط مكتبة الكونجرس 2004016628
020 ## - الرقم الدولى المعيارى للكتب
الرقم الدولى المعيارى للكتاب 1578202418 (alk. paper)
020 ## - الرقم الدولى المعيارى للكتب
الرقم الدولى المعيارى للكتاب 9781578202416
040 ## - مصدر الفهرسة
وكالة الفهرسة الأصلية DLC
وكالة النسخ DLC
وكالة التعديل DLC
042 ## - رمز التحقق
رمز التحقق pcc
050 00 - رقم طلب مكتبة الكونجرس
رقم التصنيف LB1027
رقم المادة .C267 2004
082 00 - رقم تصنيف ديوى العشرى
رقم التصنيف 371.33467/8
رقم الطبعة 22
100 1# - المدخل الرئيسى - إسم شخصى
الإسم الشخصى Carlson, Gigi.
9 (RLIN) 4844
245 10 - بيان العنوان
العنوان Digital media in the classroom :
بقية العنوان increase the learning potential of today's digital generation /
بيان المسئوليه,etc Gigi Carlson ; illustrations by Amyel Oliveros.
260 ## - PUBLICATION, DISTRIBUTION, ETC. (IMPRINT)
مكان الناشر او الموزع San Francisco :
اسم الناشر او الموزع CMP Books ;
مكان الناشر او الموزع Berkeley, CA :
اسم الناشر او الموزع Distributed to the book trade in the U.S. by Publishers Group,
تاريخ النشر أو التوزيع c2004.
300 ## - الوصف المادى
التعداد viii, 229 p. :
تفاصيل ماديه اخرى للوعاء ill. ;
أبعاد الوعاء 25 cm. +
المادة المصاحبة 1 CD-ROM (4 3/4 in.)
440 #0 - بيان السلسلة/مدخل إضافى-العنوان
العنوان Digital media academy
9 (RLIN) 4845
500 ## - تبصرة عامة
تبصرة عامة Includes index.
650 #0 - المدخل الاضافى بالموضوع-مصطلح موضوعى
مصطلح موضوعي أو اسم جغرافي كعنصر مدخل Educational innovations.
9 (RLIN) 4846
650 #0 - المدخل الاضافى بالموضوع-مصطلح موضوعى
مصطلح موضوعي أو اسم جغرافي كعنصر مدخل Digital media.
9 (RLIN) 4847
650 #0 - المدخل الاضافى بالموضوع-مصطلح موضوعى
مصطلح موضوعي أو اسم جغرافي كعنصر مدخل Internet in education.
9 (RLIN) 4848
856 41 - الوصول و الموقع الالكترونى
مواد محددة Table of contents
معرف المصدر الموحد <a href="http://www.loc.gov/catdir/toc/ecip0420/2004016628.html">http://www.loc.gov/catdir/toc/ecip0420/2004016628.html</a>
856 42 - الوصول و الموقع الالكترونى
مواد محددة Publisher description
معرف المصدر الموحد <a href="http://www.loc.gov/catdir/enhancements/fy0703/2004016628-d.html">http://www.loc.gov/catdir/enhancements/fy0703/2004016628-d.html</a>
906 ## - عنصر بيانات محلى F, LDF (RLIN)
a 7
b cbc
c orignew
d 1
e ecip
f 20
g y-gencatlg
942 ## - عناصر المدخل الإضافي( كوها)
مصدر التصنيف او مخطط الترفيف Dewey Decimal Classification
Koha [default] item type كتاب
المقتنيات
حالة الفقد نموذج السعر الفعال حالة تلف ليس للاعارة رقم الطلب تاريخ الاكتساب الموقع الحالي الباركود الفرع الرئيسي Date last checked out Date last seen نوع المادة فى نظام كوها مصدر التصنيف او خطة الترفيف Total Checkouts
  2013-03-10     371.33467/8 C G D 2011-09-22 المكتبة المركزية بالمجمعة (CL) 00047679 المكتبة المركزية بالمجمعة (CL) 2012-10-06 2013-03-10 كتاب Dewey Decimal Classification 1
  2013-03-10     371.33467/8 2011-09-22 المكتبة المركزية بالمجمعة (CL) 00047685 المكتبة المركزية بالمجمعة (CL)   2013-03-10 كتاب Dewey Decimal Classification  
  2013-03-10     371.33467/8 2011-09-22 المكتبة المركزية بالمجمعة (CL) 00047678 المكتبة المركزية بالمجمعة (CL)   2013-03-10 كتاب Dewey Decimal Classification